Introduction to management science / (Record no. 32572)

MARC details
000 -LEADER
fixed length control field 00900cam a22002774a 4500
001 - CONTROL NUMBER
control field 2438165
003 - CONTROL NUMBER IDENTIFIER
control field OSt
005 - DATE AND TIME OF LATEST TRANSACTION
control field 20220310152223.0
008 - FIXED-LENGTH DATA ELEMENTS--GENERAL INFORMATION
fixed length control field 880824s1989 ilu b 001 0 eng
010 ## - LIBRARY OF CONGRESS CONTROL NUMBER
LC control number 88028601
020 ## - INTERNATIONAL STANDARD BOOK NUMBER
International Standard Book Number 0256036608 :
Terms of availability $38.95
040 ## - CATALOGING SOURCE
Original cataloging agency DLC
Transcribing agency HU
Modifying agency DLC
-- DLC
042 ## - AUTHENTICATION CODE
Authentication code pcc
050 00 - LIBRARY OF CONGRESS CALL NUMBER
Classification number T56
Item number .S82 1989
082 00 - DEWEY DECIMAL CLASSIFICATION NUMBER
Classification number 658
Edition number 19
100 1# - MAIN ENTRY--PERSONAL NAME
Personal name Stevenson, William J.
9 (RLIN) 32649
245 10 - TITLE STATEMENT
Title Introduction to management science /
Statement of responsibility, etc. William J. Stevenson.
246 30 - VARYING FORM OF TITLE
Title proper/short title Management science
260 ## - PUBLICATION, DISTRIBUTION, ETC.
Place of publication, distribution, etc. Homewood, IL :
Name of publisher, distributor, etc. Irwin,
Date of publication, distribution, etc. 1989.
300 ## - PHYSICAL DESCRIPTION
Extent xvii, 844 p. ;
Dimensions 24 cm.
504 ## - BIBLIOGRAPHY, ETC. NOTE
Bibliography, etc. note Includes bibliographical references (p. 810-811) and index.
650 #0 - SUBJECT ADDED ENTRY--TOPICAL TERM
Topical term or geographic name entry element Management science.
9 (RLIN) 32650
906 ## - LOCAL DATA ELEMENT F, LDF (RLIN)
a 7
b cbc
c orignew
d 1
e ocip
f 19
g y-gencatlg
942 ## - ADDED ENTRY ELEMENTS (KOHA)
Source of classification or shelving scheme Dewey Decimal Classification
Koha item type Books like text book referance book
Suppress in OPAC No
Holdings
Withdrawn status Lost status Source of classification or shelving scheme Damaged status Not for loan Collection code Home library Current library Shelving location Date acquired Total Checkouts Full call number Barcode Date last seen Copy number Price effective from Koha item type
    Dewey Decimal Classification     Reference Wondo Genet Library Wondo Genet Library General Stacks 03/10/2022   658 STE 1989 WGCFNRL00013144 03/10/2022 1 03/10/2022 Books like text book referance book